000
00314nam a2200145Ia 4500
999
_c
9818
_d
9818
003
OSt
005
20220304101710.0
008
220112s9999||||xx |||||||||||||| ||und||
020
_a
9789352694358
082
_a
696
_b
RIT
100
_a
Ritesh Nair
245
0
_a
Handbook of plumbing
260
_b
Random
942
_2
ddc